Days of the year quiz - Statistics

General Stats
  • This quiz has been taken 12 times
  • The average score is 168 of 366
Answer Stats
Answer % Correct
January 1
100%
January 2
100%
January 3
100%
January 4
100%
January 5
88%
January 10
75%
January 11
75%
January 12
75%
January 13
75%
January 14
75%
January 21
75%
January 6
75%
January 7
75%
January 8
75%
January 9
75%
March 4
75%
April 1
63%
April 10
63%
April 2
63%
April 3
63%
April 4
63%
April 5
63%
April 6
63%
April 7
63%
April 8
63%
April 9
63%
February 1
63%
February 10
63%
February 11
63%
February 12
63%
February 13
63%
February 14
63%
February 15
63%
February 2
63%
February 3
63%
February 4
63%
February 5
63%
February 6
63%
February 7
63%
February 8
63%
February 9
63%
January 15
63%
January 16
63%
January 17
63%
January 18
63%
January 19
63%
January 20
63%
January 22
63%
January 23
63%
January 24
63%
January 25
63%
January 26
63%
January 27
63%
January 28
63%
January 29
63%
January 30
63%
January 31
63%
March 1
63%
March 10
63%
March 11
63%
March 2
63%
March 6
63%
March 7
63%
March 8
63%
March 9
63%
April 11
50%
April 12
50%
April 13
50%
April 14
50%
April 15
50%
April 16
50%
April 17
50%
April 18
50%
April 19
50%
April 20
50%
April 21
50%
April 22
50%
April 23
50%
April 24
50%
April 25
50%
April 26
50%
April 27
50%
April 28
50%
April 29
50%
April 30
50%
August 5
50%
February 16
50%
February 17
50%
February 18
50%
February 19
50%
February 20
50%
February 21
50%
February 22
50%
February 23
50%
February 24
50%
February 25
50%
February 26
50%
February 27
50%
February 28
50%
February 29
50%
March 12
50%
March 13
50%
March 14
50%
March 15
50%
March 16
50%
March 17
50%
March 18
50%
March 19
50%
March 20
50%
March 21
50%
March 22
50%
March 23
50%
March 24
50%
March 25
50%
March 26
50%
March 27
50%
March 28
50%
March 29
50%
March 3
50%
March 30
50%
March 31
50%
March 5
50%
May 1
50%
May 10
50%
May 11
50%
May 12
50%
May 13
50%
May 14
50%
May 15
50%
May 16
50%
May 17
50%
May 18
50%
May 19
50%
May 2
50%
May 20
50%
May 21
50%
May 22
50%
May 23
50%
May 24
50%
May 25
50%
May 26
50%
May 27
50%
May 28
50%
May 29
50%
May 3
50%
May 30
50%
May 31
50%
May 4
50%
May 5
50%
May 6
50%
May 7
50%
May 8
50%
May 9
50%
August 1
38%
August 10
38%
August 11
38%
August 12
38%
August 13
38%
August 14
38%
August 15
38%
August 16
38%
August 17
38%
August 18
38%
August 19
38%
August 2
38%
August 20
38%
August 21
38%
August 22
38%
August 23
38%
August 24
38%
August 25
38%
August 26
38%
August 27
38%
August 28
38%
August 29
38%
August 3
38%
August 30
38%
August 31
38%
August 4
38%
August 6
38%
August 7
38%
August 8
38%
August 9
38%
December 1
38%
December 10
38%
December 11
38%
December 12
38%
December 13
38%
December 14
38%
December 15
38%
December 16
38%
December 17
38%
December 18
38%
December 19
38%
December 2
38%
December 20
38%
December 21
38%
December 22
38%
December 23
38%
December 24
38%
December 25
38%
December 26
38%
December 27
38%
December 28
38%
December 29
38%
December 3
38%
December 30
38%
December 31
38%
December 4
38%
December 5
38%
December 6
38%
December 7
38%
December 8
38%
December 9
38%
July 1
38%
July 10
38%
July 11
38%
July 12
38%
July 13
38%
July 14
38%
July 15
38%
July 16
38%
July 17
38%
July 18
38%
July 19
38%
July 2
38%
July 20
38%
July 21
38%
July 22
38%
July 23
38%
July 24
38%
July 25
38%
July 26
38%
July 27
38%
July 28
38%
July 29
38%
July 3
38%
July 30
38%
July 31
38%
July 4
38%
July 5
38%
July 6
38%
July 7
38%
July 8
38%
July 9
38%
June 1
38%
June 10
38%
June 11
38%
June 12
38%
June 13
38%
June 14
38%
June 15
38%
June 16
38%
June 17
38%
June 18
38%
June 19
38%
June 2
38%
June 20
38%
June 21
38%
June 22
38%
June 23
38%
June 24
38%
June 25
38%
June 26
38%
June 27
38%
June 28
38%
June 29
38%
June 3
38%
June 30
38%
June 4
38%
June 5
38%
June 6
38%
June 7
38%
June 8
38%
June 9
38%
November 1
38%
November 10
38%
November 11
38%
November 12
38%
November 13
38%
November 14
38%
November 15
38%
November 16
38%
November 17
38%
November 18
38%
November 19
38%
November 2
38%
November 20
38%
November 21
38%
November 22
38%
November 23
38%
November 24
38%
November 25
38%
November 26
38%
November 27
38%
November 28
38%
November 29
38%
November 3
38%
November 30
38%
November 4
38%
November 5
38%
November 6
38%
November 7
38%
November 8
38%
November 9
38%
October 1
38%
October 10
38%
October 11
38%
October 12
38%
October 13
38%
October 14
38%
October 15
38%
October 16
38%
October 17
38%
October 18
38%
October 19
38%
October 2
38%
October 20
38%
October 21
38%
October 22
38%
October 23
38%
October 24
38%
October 25
38%
October 26
38%
October 27
38%
October 28
38%
October 29
38%
October 3
38%
October 30
38%
October 31
38%
October 4
38%
October 5
38%
October 6
38%
October 7
38%
October 8
38%
October 9
38%
September 1
38%
September 10
38%
September 11
38%
September 12
38%
September 13
38%
September 14
38%
September 15
38%
September 16
38%
September 17
38%
September 18
38%
September 19
38%
September 2
38%
September 20
38%
September 21
38%
September 22
38%
September 23
38%
September 24
38%
September 25
38%
September 26
38%
September 27
38%
September 28
38%
September 29
38%
September 3
38%
September 30
38%
September 4
38%
September 5
38%
September 6
38%
September 7
38%
September 8
38%
September 9
38%
No matching quizzes found
Score Distribution
Percent of People with Each Score
Percentile by Number Answered
Your Score History
You have not taken this quiz